00712 2200229 4500001002100000005001500021035002000036007000300056008004100059020001900100082001100119084001700130100001900147245004200166250001100208260003500219300002700254500017200281650001100453990000800464990001000472INLIS00000000000053420171005111900 a0010-1017000088ta171005 f 0 ind  a979-95697-26-2 a297.13 a297.13 AMI c0 aAmini, Ibrahim1 aCerita-cerita islami /cIbrahim Amini acet. 1 aDepok :bInisiasi Press,c2005 a215 :bilus ;c16x24cm akita telah diciptakan oleh Allah, Yang Maha Mengetahui dan Maha Kuasa. Dia lebih mengetahui segala sesuatu yang kita perlukan, dan Dia menciptakan semua itu untuk kita aislami a317 a317aa